[Event "Challenge"]
[Site "http://www.queenalice.com/game.php?id=1873402"]
[Date "2026.5.15"]
[Round "-"]
[White "Mlintz"]
[Black "Capixabba789"]
[Result "1/2-1/2"]
[WhiteElo "1828"]
[BlackElo "1828"]

1. e4 Nf6 2. Nc3 e5 3. Nf3 d6 4. h3 Be7 5. d3 c5 6. g4 Nc6 7. Be3 Nd4 8. g5 Nd7
9. h4 b6 10. Qd2 Bb7 11. O-O-O b5 12. Bxd4 exd4 13. Nxb5 a5 14. a4 Nb6 15. h5
Nxa4 16. Na3 Rb8 17. Nc4 Ba6 18. b3 Nc3 19. Re1 Bxc4 20. dxc4 Qb6 21. Kb2 Qb4
22. Ra1 Nxe4 23. Qe2 Qc3+ 24. Kb1 d5 25. Qd3 Qxd3 26. cxd3 Nxf2 27. Rh2 Nd1 28.
Ka2 Nc3+ 29. Kb2 dxc4 30. dxc4 O-O 31. Rxa5 Rb4 32. Bd3 Rfb8 33. Ra3 Nd1+ 34.
Kc2 Ne3+ 35. Kb2 Nxc4+ 36. Bxc4 Rxc4 37. Rc2 Rxc2+ 38. Kxc2 Kf8 39. Ne5 Ke8 40.
Nc6 c4 41. Nxe7 cxb3+ 42. Kb2 Kxe7 43. Ra7+ Ke6 44. Ra6+ Ke7 45. Ra7+ Ke6 46.
Ra6+ Ke5 47. Ra7 Kf5 48. Rxf7+ Kxg5 49. Rxg7+ Kxh5 50. Rxh7+ Kg5 51. Rd7 Rb4 52.
Rf7 Kg4 53. Rf1 Kg3 54. Rf8 Kg4 55. Rf7 1/2-1/2

[Event "Challenge"]
[Site "http://www.queenalice.com/game.php?id=1873403"]
[Date "2026.5.15"]
[Round "-"]
[White "Capixabba789"]
[Black "Mlintz"]
[Result "1/2-1/2"]
[WhiteElo "1843"]
[BlackElo "1831"]

1. d4 e6 2. e4 d5 3. exd5 exd5 4. Nc3 Nf6 5. Bd3 c6 6. Nf3 Be7 7. O-O O-O 8. Be3
b5 9. Ne2 Bg4 10. Nf4 Ne4 11. Qe1 Nd6 12. Ne5 Bc8 13. Qe2 f6 14. Nf3 Re8 15. a3
a5 16. h3 Ba6 17. Qd2 Bf8 18. Rfe1 Be7 19. Ne6 Qb6 20. c3 Bc8 21. Bf4 Bf8 22.
Nc5 Bd7 23. Bxd6 Bxd6 24. Nxd7 Nxd7 25. Bc2 Nf8 26. Re3 Rxe3 27. Qxe3 Qd8 28.
Re1 Qd7 29. Qd3 Re8 30. Rxe8 Qxe8 31. Nh4 g6 32. Nf3 b4 33. axb4 axb4 34. c4
dxc4 35. Qxc4+ Kg7 36. Bb3 Nd7 37. Qxc6 Qe7 38. Qc4 Qf8 39. d5 Ne5 40. Nxe5 fxe5
41. Qe2 Qf4 42. Qe3 Qxe3 1/2-1/2

[Event "Challenge"]
[Site "http://www.queenalice.com/game.php?id=1873814"]
[Date "2026.5.22"]
[Round "-"]
[White "PaulMSains"]
[Black "Mlintz"]
[Result "1/2-1/2"]
[WhiteElo "2056"]
[BlackElo "1820"]

1. d4 e6 2. e4 d5 3. Bd3 Nc6 4. Nf3 dxe4 5. Bxe4 Bd7 6. O-O Nf6 7. Bxc6 Bxc6 8.
Bg5 Be7 9. Nc3 O-O 10. Ne5 Qd5 11. Nf3 Qd8 12. Ne5 Ne4 13. Bxe7 Nxc3 14. Bxd8
Nxd1 15. Nxc6 bxc6 16. Bxc7 Nxb2 17. c3 Nc4 18. Bg3 f5 19. h3 g5 20. Rfe1 f4 21.
Bh2 Kf7 22. g3 Kg8 23. Rxe6 Rac8 24. h4 fxg3 25. Bxg3 gxh4 26. Bxh4 Nd2 27. Kg2
Rfe8 28. Rxe8+ Rxe8 29. Bg5 Nc4 30. a4 a5 31. Rh1 Re6 32. Bh4 h6 33. f3 Kg7 34.
Kf2 Re3 35. Rc1 Re6 36. Bd8 Re8 37. Bc7 Re7 38. Bd8 Rb7 39. Ke2 Rf7 40. Rg1+ Kh7
41. Rg3 Rf8 42. Bc7 Rf7 43. Bd8 h5 44. Kd3 Nb2+ 45. Kc2 Nxa4 46. Bxa5 Rb7 47.
Bb4 Nb6 48. Bd6 Nd5 49. c4 Ne3+ 50. Kc3 Nf5 51. Rh3 Nxd6 52. Rxh5+ Kg6 53. Rc5
Rc7 54. d5 Kf6 55. Rxc6 Rxc6 56. dxc6 Ke7 57. Kd4 Kd8 58. Kd5 Kc7 59. c5 Nf5 60.
f4 Ne7+ 61. Ke6 Nxc6 62. f5 Nd4+ 63. Kd5 Nxf5 64. Ke5 Kc6 65. Kxf5 Kxc5 1/2-1/2

[Event "Challenge"]
[Site "http://www.queenalice.com/game.php?id=1873868"]
[Date "2026.5.23"]
[Round "-"]
[White "Mlintz"]
[Black "Capixabba789"]
[Result "0-1"]
[WhiteElo "1808"]
[BlackElo "1797"]

1. e4 e5 2. Nf3 d6 3. Bc4 Be7 4. c3 Nf6 5. Be2 c5 6. O-O Nc6 7. Qc2 Bd7 8. Re1
O-O 9. b3 a6 10. a4 Bg4 11. d3 d5 12. exd5 Nxd5 13. Bb2 f5 14. g3 Bf6 15. Nbd2
Re8 16. Bf1 e4 17. dxe4 fxe4 18. Nxe4 Bxf3 19. Nxf6+ Nxf6 20. Qf5 Rxe1 21. Rxe1
Bg4 22. Qxc5 Qd2 23. Rb1 Be6 24. Qe3 Qxe3 25. fxe3 Bxb3 26. Ra1 Ne4 27. Bg2 Re8
28. Bxe4 Rxe4 29. Kf2 Na5 30. Kf3 Re6 31. e4 h6 32. Re1 Bxa4 0-1

[Event "Challenge"]
[Site "http://www.queenalice.com/game.php?id=1873869"]
[Date "2026.5.23"]
[Round "-"]
[White "Capixabba789"]
[Black "Mlintz"]
[Result "1/2-1/2"]
[WhiteElo "1804"]
[BlackElo "1788"]

1. d4 d5 2. Nc3 c5 3. dxc5 d4 4. Ne4 e5 5. Nf3 Nc6 6. e3 Bf5 7. Bd3 Bg6 8. O-O
Nf6 9. Nxf6+ Qxf6 10. exd4 Bxd3 11. Qxd3 O-O-O 12. d5 h6 13. Qb5 Rxd5 14. c4
Rxc5 15. Qa4 Be7 16. Be3 Ra5 17. Qb3 Rd8 18. Rad1 Nd4 19. Nxd4 exd4 20. Bd2 Rc5
21. a4 a5 22. Qd3 Re8 23. b3 b6 24. Bc1 Rd8 25. Rfe1 Bd6 26. Ba3 Bxh2+ 27. Kxh2
Rh5+ 28. Kg1 Qh4 29. Qh3+ Qxh3 30. gxh3 Rxh3 31. Re7 Rxb3 32. Bc1 Rb1 33. Rxf7
d3 34. Rc7+ Kxc7 35. Bf4+ Kc6 36. Rxb1 Kc5 37. Rb5+ Kxc4 38. Rxb6 Kc3 39. Ra6 d2
40. Bxd2+ Rxd2 41. Rxa5 Kb4 42. Ra7 g5 43. a5 Kb5 44. a6 Rd6 45. Ra8 Rxa6 46.
Rxa6 Kxa6 47. Kg2 h5 48. Kg3 Kb5 49. f4 h4+ 50. Kg4 h3 51. Kxh3 gxf4 1/2-1/2

[Event "Let's Play Chess!"]
[Site "http://www.queenalice.com/game.php?id=1873906"]
[Date "2026.5.26"]
[Round "-"]
[White "alow_proton"]
[Black "Mlintz"]
[Result "1-0"]
[WhiteElo "1967"]
[BlackElo "1829"]

1. e4 d6 2. d4 g6 3. Bc4 e6 4. Nf3 Bg7 5. Bg5 f6 6. Bd2 c6 7. a4 a5 8. O-O Ne7
9. Nc3 b6 10. Qc1 h5 11. d5 e5 12. dxc6 Nbxc6 13. Bb5 Bd7 14. Nh4 Nd4 15. Bxd7+
Qxd7 16. Nd5 Rc8 17. Qd1 Nxd5 18. exd5 Qf7 19. c3 Nf5 20. Nxf5 gxf5 21. Be3 Qb7
22. f4 e4 23. Qd4 Rb8 24. b4 axb4 25. cxb4 Kf7 26. b5 Rbc8 27. Qxb6 Qd7 28. Qc6
Qd8 29. Qb6 Qxb6 30. Bxb6 Rc2 31. Rfc1 Rhc8 32. Be3 Ke8 33. a5 Kd7 34. Rxc2 Rxc2
35. Rc1 Rxc1+ 36. Bxc1 Kc7 37. Be3 Bf8 38. a6 Be7 39. b6+ Kb8 40. Kf2 h4 41. Ke2
Bf8 42. Bf2 Ka8 43. Bxh4 Be7 44. Bf2 Kb8 45. Kd2 Ka8 46. Kc3 Kb8 47. Kb4 Bd8 48.
Kb5 1-0

[Event "Let's Play Chess!"]
[Site "http://www.queenalice.com/game.php?id=1873907"]
[Date "2026.5.26"]
[Round "-"]
[White "Mlintz"]
[Black "alow_proton"]
[Result "1-0"]
[WhiteElo "1791"]
[BlackElo "1981"]

1. e4 c5 2. Nf3 d6 3. c3 Nf6 4. h3 Nc6 5. d3 Bd7 6. Be2 e6 7. b3 Be7 8. O-O O-O
9. Bb2 a6 10. a4 e5 11. Qc2 b6 12. d4 cxd4 13. cxd4 Qb8 14. dxe5 dxe5 15. Re1
Bb4 16. Rd1 Qb7 17. Bd3 Rfe8 18. Nbd2 Rac8 19. Qb1 Bc5 20. Nc4 Qc7 21. Bf1 Rcd8
22. Qc2 Bc8 23. Rxd8 Qxd8 24. Rd1 Qc7 25. Bc3 Nd7 26. Qd2 Nf6 27. Qe1 Nd4 28. b4
Nxf3+ 29. gxf3 Bd4 30. Bxd4 exd4 31. Rxd4 Nh5 32. e5 f6 33. f4 Re7 34. Qd1 Be6
35. Nd6 fxe5 36. fxe5 g6 37. Rh4 Ng7 38. Rd4 Rd7 39. Bc4 Qa7 40. Bxe6+ Nxe6 41.
Rd2 Kg7 42. Ne8+ Kf8 43. Rxd7 1-0

[Event "Challenge"]
[Site "http://www.queenalice.com/game.php?id=1874127"]
[Date "2026.5.30"]
[Round "-"]
[White "Mlintz"]
[Black "Capixabba789"]
[Result "0-1"]
[WhiteElo "1806"]
[BlackElo "1823"]

1. e4 e5 2. Nf3 d6 3. Bc4 Be7 4. c3 Nf6 5. Bxf7+ Kxf7 6. Qb3+ Be6 7. Ng5+ Ke8 8.
Nxe6 Qc8 9. Nxg7+ Kd8 10. Ne6+ Ke8 11. Ng5 Rf8 12. d3 Nc6 13. Qd1 Qg4 14. Qxg4
Nxg4 15. O-O Bxg5 16. Bxg5 h5 17. Nd2 Kd7 18. Rae1 Rf7 19. f3 Nf6 20. Bxf6 Rxf6
21. Rf2 Raf8 22. a4 a5 23. Nf1 Ne7 24. Ng3 h4 25. Ne2 Ng6 26. h3 Nf4 27. Nxf4
Rxf4 28. d4 exd4 29. cxd4 c6 30. Rd1 Kc7 31. e5 dxe5 32. dxe5 Rxa4 33. Re2 Raf4
34. e6 Re8 35. e7 Rf7 36. Rde1 Kd7 37. Re4 Rfxe7 38. Rxe7+ Rxe7 39. Rd1+ Kc7 40.
Kf2 b6 41. b3 Rh7 42. f4 b5 43. Kf3 Kb6 44. f5 b4 45. Kf4 Kb5 46. f6 a4 47.
bxa4+ Kxa4 48. Ke5 c5 49. Ke6 c4 50. f7 Rxf7 51. Kxf7 c3 52. Kf6 Ka3 53. Kg5 b3
54. Kxh4 b2 55. g4 c2 56. Rd3+ Ka2 57. Rd2 c1=Q 58. Rxb2+ Kxb2 59. Kh5 Qc8 60.
h4 Qh8+ 61. Kg5 Kc3 62. h5 Kd4 63. Kg6 Ke5 64. h6 Qg8+ 65. Kh5 Kf6 66. Kh4 Qg5+
0-1

[Event "Challenge"]
[Site "http://www.queenalice.com/game.php?id=1874128"]
[Date "2026.5.30"]
[Round "-"]
[White "Capixabba789"]
[Black "Mlintz"]
[Result "0-1"]
[WhiteElo "1814"]
[BlackElo "1770"]

1. d4 e6 2. e4 d5 3. e5 c5 4. c3 Nc6 5. f4 g6 6. Nf3 c4 7. Be2 Bg7 8. O-O Nge7
9. Be3 Nf5 10. Bf2 b5 11. Nbd2 a5 12. a3 Bb7 13. Ng5 h6 14. Nh3 b4 15. axb4 axb4
16. Rxa8 Qxa8 17. Nxc4 dxc4 18. Bxc4 O-O 19. d5 exd5 20. Bxd5 bxc3 21. bxc3 Nce7
22. Bxb7 Qxb7 23. Bd4 Nc6 24. Bc5 Re8 25. Re1 Rd8 26. Qc2 Qd7 27. Nf2 Nh4 28.
Ne4 Qg4 29. Bd6 Nf3+ 30. Kf1 Nxe1 31. Kxe1 Qxf4 32. h3 Nxe5 33. Qe2 Qc1+ 34. Kf2
Nd7 35. Bb4 Re8 36. Qf3 Qc2+ 37. Kg3 Qxe4 0-1